JavaScript programujeme internetové aplikace

Salvato in:
Dettagli Bibliografici
Autore principale: Škultéty, Rastislav
Natura: Libro
Lingua:ceco
Pubblicazione: Brno Computer Press 2004
Edizione:2. aktualiz. vyd.
Soggetti:
Tags: Aggiungi Tag
Nessun Tag, puoi essere il primo ad aggiungerne!!

MARC

LEADER 00000nam$a2200000$$$4500
001 0023113
005 20240313133100.7
020 |a 80-251-0144-4 
041 0 |a cze 
044 |a CZ 
245 1 0 |a JavaScript  |b programujeme internetové aplikace  |c Rastislav Škultéty 
250 |a 2. aktualiz. vyd. 
264 1 |a Brno  |b Computer Press  |c 2004 
300 |a 224 s. 
610 2 0 |a softvér 
610 2 0 |a jazyky programovacie 
610 2 0 |a internet 
610 2 0 |a programovanie 
610 2 0 |a JavaScript 
100 1 |a Škultéty, Rastislav